[Event "Politiken Cup"]
[Site "Copenhagen"]
[Date "1997.07.13"]
[Round "8"]
[White "Salo, Tapio"]
[Black "Richardson, John R"]
[Result "1-0"]
[WhiteElo "2325"]
[BlackElo "2260"]

1.Nf3 Nf6 2.c4 g6 3.g3 Bg7 4.Bg2 O-O 5.O-O d6 6.d4 a6 7.Nc3 Nc6 8.d5 Na5
9.Nd2 c5 10.Qc2 Rb8 11.b3 b5 12.Bb2 h5 13.Rab1 h4 14.Nd1 e5 15.dxe6 Bxe6
16.Ne3 Re8 17.Rfd1 bxc4 18.bxc4 Qd7 19.Bxf6 Rxb1 20.Qxb1 Bxf6 21.Ne4 Be5
22.Nxc5 Qc8 23.Nxe6 Rxe6 24.Bh3 hxg3 25.hxg3 Nc6 26.Bxe6 Qxe6 27.Qe4 Qc8
28.f4 Bg7 29.Rxd6 Nb4 30.a3 Na2 31.Qe7 Qh3 32.Rd8+ Kh7 33.Qh4+ Qxh4 34.gxh4 Nc3
35.Kf1 Ne4 36.Rd7 Kg8 37.Ng4 Bf8 38.Ne5 Bxa3 39.Rxf7 Nd2+ 40.Kg2 a5 41.Ra7  1-0

[Event "Komercni Banka op"]
[Site "Pardubice"]
[Date "1997.07.17"]
[Round "1"]
[White "Manik, Mikulas"]
[Black "Sabaev, Evgueni"]
[Result "0-1"]
[WhiteElo "2465"]
[BlackElo "2275"]

1.Nf3 Nf6 2.c4 g6 3.g3 Bg7 4.Bg2 O-O 5.O-O d6 6.Nc3 Nc6 7.d3 e5 8.Rb1 Re8
9.e4 Nd4 10.Nxd4 exd4 11.Ne2 Nd7 12.h3 c5 13.Nf4 Rb8 14.Bd2 Ne5 15.Qc2 a5
16.Nd5 b5 17.b3 Bd7 18.f4 Nc6 19.a3 Ne7 20.g4 a4 21.b4 bxc4 22.dxc4 Nxd5
23.exd5 Qh4 24.Be1 Qf6 25.b5 h5 26.g5 Qf5 27.Qxf5 Bxf5 28.Rd1 Bc2 29.Rc1 d3
30.Ba5 Ra8 31.Bc7 Bb2 32.Bf3 Bxc1 33.Rxc1 Re3 34.Kf2 Rxf3+ 35.Kxf3 d2 36.Rg1 Re8
37.Kf2 d1=Q 38.Rxd1 Bxd1 39.Bxd6 Re2+ 40.Kf1 Rb2  0-1

[Event "Komercni Banka op"]
[Site "Pardubice"]
[Date "1997.07.19"]
[Round "3"]
[White "Kuporosov, Viktor"]
[Black "Mrva, Martin"]
[Result "1/2-1/2"]
[WhiteElo "2495"]
[BlackElo "2395"]

1.Nf3 Nf6 2.c4 g6 3.g3 Bg7 4.Bg2 O-O 5.O-O d6 6.Nc3 Nc6 7.d3 Bd7 8.Rb1 Qc8
9.b4 Bh3 10.b5 Ne5 11.Nxe5 dxe5 12.Bg5 Bxg2 13.Kxg2 Re8 14.Qd2 Nd7 15.Nd5 f6
16.Be3 e6 17.Nc3 f5 18.f3 Nf6 19.a4 Qd7 20.a5 a6 21.Na4 axb5 22.Nc5 Qc6 23.cxb5 Qd5
24.b6 Nd7 25.Rfc1 cxb6 26.Nxd7 Qxd7 27.Rxb6 Rec8 28.Rcb1 Qa4 29.R1b4 Qxa5
30.Rxb7 Bf8 31.Rb2 Qxd2 32.Bxd2 Ba3 33.Ra2 Bc5 34.Rxa8 Rxa8 35.Bh6 Ra7 36.Rb5 Bd6
37.Rb6 Rd7 38.Rc6 Kf7 39.h4 Bc7 40.Kf2 Bd8 41.Bg5 Bc7 42.Bc1 Bb8 43.Rc8 Ba7+
44.Kg2 Bb6 45.Bh6 Rd8 46.Rc6 Rb8 47.Bd2 Bd4 48.Rc7+ Ke8 49.Bc3 Bxc3 50.Rxc3 Kd7
51.Ra3 Rb7 52.Ra8 Kd6 53.Rd8+ Ke7 54.Rc8 Kf6 55.g4 h6 56.Kf2 Rb4 57.Rc4 Rb1
58.Rc6 f4 59.Kg2  1/2-1/2

[Event "Komercni Banka op"]
[Site "Pardubice"]
[Date "1997.07.23"]
[Round "7"]
[White "Gavrjushin, Oleg"]
[Black "Konopka, Michal"]
[Result "0-1"]
[WhiteElo "2350"]
[BlackElo "2410"]

1.Nf3 Nf6 2.g3 g6 3.c4 Bg7 4.Bg2 O-O 5.O-O c6 6.d4 d5 7.cxd5 cxd5 8.Ne5 e6
9.Nc3 Nfd7 10.f4 Nc6 11.Be3 Nb6 12.Bf2 f5 13.e3 Bd7 14.g4 Qe7 15.Kh1 Rfc8
16.gxf5 gxf5 17.Rg1 Be8 18.Qe1 Nxe5 19.dxe5 Qb4 20.Qe2 Na4 21.Bh4 Qxb2 22.Bxd5 Rxc3
23.Rxg7+ Kxg7 24.Rg1+ Kf8 25.Bxe6 Bc6+ 26.e4 Rc1 27.Qxb2 Rxg1+ 28.Kxg1 Nxb2
29.exf5 Nd3 30.Bg5 Nc5 31.Bc4 b5 32.Bh6+ Ke8 33.Be2 Kf7 34.Bh5+ Kg8 35.e6 Be8
36.Bg4 Rd8 37.f6 Nxe6 38.Bxe6+ Bf7 39.f5 b4 40.Kf2 Re8 41.Be3 Bxe6 42.fxe6 Rxe6
43.Bxa7 Ra6 44.Bb8 Rxa2+ 45.Ke3 b3 46.Kd3 Rg2  0-1

[Event "Komercni Banka op"]
[Site "Pardubice"]
[Date "1997.07.23"]
[Round "7"]
[White "Kuporosov, Viktor"]
[Black "Petrov, Marijan"]
[Result "1/2-1/2"]
[WhiteElo "2495"]
[BlackElo "2415"]

1.Nf3 Nf6 2.c4 g6 3.g3 Bg7 4.Bg2 O-O 5.O-O c5 6.Nc3 Nc6 7.d3 d5 8.cxd5 Nxd5
9.Bd2 e6 10.Rc1 b6 11.a3 Bb7 12.Qa4 Nd4 13.Nxd4 Bxd4 14.b4 Nxc3 15.Bxc3 Bxg2
16.Kxg2 Bxc3 17.Rxc3 Qd4 18.Rc4 Qd5+ 19.Kg1 a6 20.Qc2 cxb4 21.axb4 Qb5 22.Rc1 Rfd8
23.Qc3 e5 24.Rc7 Rd4 25.Qb3 Qd5 26.Qxd5 Rxd5 27.Rb7 Rb5 28.Rc4 Rd8 29.Ra7 a5
30.bxa5 bxa5 31.Rcc7 Rf8 32.Kg2 Kg7 33.Kf3 h5 34.h4 Kf6 35.Rc6+ Kg7 36.Rca6 Re8
37.Rxa5 Rxa5 38.Rxa5 Re6 39.Ke4 Kf6 40.Rc5 Re7 41.Rc6+ Kg7 42.Rd6 Re8 43.Rc6 Re7
44.e3 Re8 45.Rb6 Re7 46.Ra6 Re8 47.Rc6 Re7 48.Kd5 Re8 49.Ra6 Re7 50.Rd6 Re8
51.e4 Re7 52.f4 exf4 53.gxf4 Ra7 54.e5 Ra1 55.Rd7 Kf8 56.d4 Rh1 57.e6 fxe6+
58.Kxe6 Rxh4 59.Rf7+ Ke8 60.d5 Rh1 61.Re7+ Kf8 62.Ra7 h4 63.d6 Re1+ 64.Kf6 Ke8
65.Rh7 Rd1 66.Rh8+ Kd7 67.Kxg6 Rxd6+ 68.Kf7 Rd5 69.Kf6 Rd6+ 70.Kf7 Rd5  1/2-1/2

[Event "Komercni Banka op"]
[Site "Pardubice"]
[Date "1997.07.24"]
[Round "8"]
[White "Lingnau, Carsten"]
[Black "Iljin, Stanislav"]
[Result "1/2-1/2"]
[WhiteElo "2425"]
[BlackElo "2325"]

1.Nf3 Nf6 2.c4 g6 3.g3 Bg7 4.Bg2 O-O 5.d4 c6 6.Nc3 d5 7.Qb3 dxc4 8.Qxc4 Nbd7
9.O-O Nb6 10.Qd3 Be6 11.Rd1 Nfd5 12.e4 Nxc3 13.bxc3 Bc4 14.Qc2 Qc8 15.Nd2 Be2
16.Re1 Ba6 17.Nb3 Re8 18.Nc5 Bc4 19.Rb1 Rb8 20.Rb4 e5 21.Be3 Be6 22.Bf1 Bh3
23.Bxh3 Qxh3 24.a4 Bf8 25.a5 Nd7 26.Nxd7 Qxd7 27.Rbb1 b6 28.axb6 Rxb6 29.Rbd1 exd4
30.cxd4 Bb4 31.Rf1 Rb5 32.Rc1 a5 33.Qxc6 Qxc6 34.Rxc6 Rxe4 35.Rfc1 Kg7 36.Ra6 Rd5
37.Rc8 Re7 38.Raa8 Red7 39.h4 Be7 40.Kg2 Rd8 41.Rxd8 Bxd8 42.Kf3 f5 43.Ke2 Rd7
44.Kd3 Kf7 45.Kc4 Rc7+ 46.Kb5 Rd7 47.Kc5 Be7+ 48.Kc6 Rd6+ 49.Kb5 Ke6 50.Kc4 Rc6+  1/2-1/2

[Event "Wch U20"]
[Site "Zagan"]
[Date "1997.07.26"]
[Round "12"]
[White "Bunzmann, Dimitrij"]
[Black "Socko, Bartosz"]
[Result "1/2-1/2"]
[WhiteElo "2370"]
[BlackElo "2435"]

1.Nf3 Nf6 2.c4 g6 3.g3 Bg7 4.Bg2 O-O 5.O-O d6 6.d4 Nbd7 7.Qc2 e5 8.Rd1 Qe7
9.dxe5 dxe5 10.e4 Nc5 11.Nc3 Bg4 12.Be3 Ne6 13.Rd2 Bxf3 14.Bxf3 c5 15.Nd5 Nxd5
16.cxd5 Nd4 17.Bxd4 exd4 18.Bg4 b5 19.a4 a6 20.axb5 axb5 21.Rxa8 Rxa8 22.b3 Ra3
23.Be2 c4 24.d6 Qxd6 25.bxc4 b4 26.Rd3 Rc3 27.Rxc3 dxc3 28.Bd1 h5 29.Qe2 Bd4
30.Bb3 Qc5 31.Kg2 Qa7 32.f4 Qa5 33.Qd1 Kf8 34.Qd3 Ke7 35.Qd1 Kf8 36.Qd3 Qa7
37.Qd1 Ke8 38.Ba4+ Ke7 39.Bb3 Kf8 40.h3 Kg7 41.Qd3 Qc5 42.Qd1 Kf8 43.Qd3 Kg8
44.Qd1 Kg7 45.Qd3 Qb6 46.Qd1 Qa7 47.Qd3 h4 48.gxh4 Bg1 49.Qf1 Be3 50.f5 Qd4
51.Kf3 Bd2 52.fxg6 Qe3+ 53.Kg2 Qxe4+ 54.Qf3 Qxg6+ 55.Qg4 f5 56.Qxg6+ Kxg6
57.Kf3 Bh6 58.Bd1 Kf6 59.Ke2 Ke5 60.Kd3 Bf8 61.h5 Kd6 62.Kc2 Kc5 63.Kd3 Bg7
64.Bb3 Bh6 65.Ba4 Kd6 66.Bd1 Ke5 67.Bf3 Kf4 68.Bd1 Ke5 69.Bf3 Bg7 70.Bd1 Bf8
71.Bb3 Bc5 72.Bd1 Kf6 73.Bf3 Kg5 74.Bd1 Ba7 75.Be2 Bb6 76.Bd1 Bc5 77.Be2 Bf8
78.Bd1 Kh4 79.Kc2 f4 80.Kb3 Kg5 81.Kc2 Kf5 82.Kd3 Ke5 83.Bf3 Bg7 84.c5 Ke6
85.Kc2 Bf8 86.c6  1/2-1/2

[Event "Montecatini Terme op"]
[Site "Montecatini Terme"]
[Date "1997.08.02"]
[Round "2"]
[White "Sarno, Spartaco"]
[Black "Petermann, Hubert"]
[Result "1-0"]
[WhiteElo "2400"]
[BlackElo "2135"]

1.c4 Nf6 2.Nf3 g6 3.g3 Bg7 4.Bg2 O-O 5.O-O d6 6.Nc3 e5 7.d3 Nc6 8.Rb1 a5
9.a3 Re8 10.Bg5 h6 11.Bxf6 Bxf6 12.b4 axb4 13.axb4 Bf5 14.b5 Nd4 15.Nxd4 exd4
16.Nd5 Ra2 17.Re1 Bg4 18.Bf3 Bxf3 19.exf3 Rxe1+ 20.Qxe1 Kg7 21.Qe4 Rd2 22.f4 c6
23.bxc6 bxc6 24.Nxf6 Qxf6 25.Rb8 g5 26.Qe8 Kg6 27.Qe1 Rxd3 28.Qe4+ Qf5 29.Rg8+ Kf6
30.Qxc6 Qe6 31.fxg5+ hxg5 32.Re8 Qf5 33.Qxd6+ Kg7 34.Qf8+ Kg6 35.Qg8+ Kh5
36.Qh8+ Kg4 37.h3+ Kf3 38.Qh5+  1-0

[Event "Budapest FS08 GM"]
[Site "Budapest"]
[Date "1997.08.03"]
[Round "2"]
[White "Csom, Istvan"]
[Black "Karatorossian, David"]
[Result "1-0"]
[WhiteElo "2460"]
[BlackElo "2335"]

1.Nf3 Nf6 2.c4 g6 3.g3 Bg7 4.Bg2 O-O 5.d4 c6 6.O-O d6 7.Nc3 Qa5 8.h3 Qa6
9.Nd2 e5 10.d5 c5 11.b3 Qa5 12.Bb2 a6 13.Qc2 Nbd7 14.e3 Ne8 15.e4 Qd8 16.Kh2 f5
17.exf5 gxf5 18.f4 exf4 19.gxf4 Qh4 20.Ne2 Ndf6 21.Rf3 b6 22.Ng3 Ra7 23.Kg1 Re7
24.Raf1 Ne4 25.Bxg7 Rxg7 26.Ndxe4 fxe4 27.Nxe4 Bxh3 28.Ng5 Bxg2 29.Kxg2 Rxf4
30.Rxf4 Rxg5+ 31.Kf3 Qh5+ 32.Ke3 Re5+ 33.Kd3 Qg5 34.Qf2 Qg6+ 35.Kd2 h5 36.Rg1 Rg5
37.Rxg5 Qxg5 38.Kc2 Ng7 39.Rf6 Kh7 40.Rxd6 h4 41.Rf6 Nh5 42.Qf5+ Qxf5+ 43.Rxf5 Kg6
44.Rxh5 Kxh5 45.d6  1-0

[Event "MK Cafe op-A"]
[Site "Koszalin"]
[Date "1997.08.04"]
[Round "3"]
[White "McNab, Colin Anderson"]
[Black "Zezulkin, Jurij"]
[Result "1/2-1/2"]
[WhiteElo "2490"]
[BlackElo "2465"]

1.c4 Nf6 2.Nf3 g6 3.g3 Bg7 4.Bg2 O-O 5.O-O d5 6.cxd5 Nxd5 7.d4 Nb6 8.Nc3 Nc6
9.e3 Re8 10.Qe2 e5 11.Nxe5 Nxe5 12.dxe5 Bxe5 13.Rd1 Qe7 14.f4 Bxc3 15.bxc3 Qc5
16.Rd4 Bf5 17.Bb2 Qe7 18.Re1 c5 19.Ba3 Qc7 20.Rdd1 Be4 21.Qb5 Rac8 22.Bh3 a6
23.Qb3 c4 24.Qb4 Nd5 25.Rxd5 Bxd5 26.Bxc8 Qxc8 27.Qc5 Qe6 28.Qd4 Be4 29.Bc5 h5
30.Rd1 Bc6 31.e4 Qg4 32.Re1 h4 33.Qf6 Rxe4 34.Qd8+ Kh7 35.Rxe4 Bxe4 36.Qxh4+ Qxh4
37.gxh4 Kg7 38.Kf2 Kf6 39.Ke3 Kf5 40.a4 b5  1/2-1/2

[Event "Montecatini Terme op"]
[Site "Montecatini Terme"]
[Date "1997.08.04"]
[Round "4"]
[White "Rotstein, Arkadij"]
[Black "Lanzani, Mario"]
[Result "1-0"]
[WhiteElo "2455"]
[BlackElo "2360"]

1.c4 Nf6 2.Nf3 g6 3.g3 Bg7 4.Bg2 O-O 5.O-O c6 6.d4 d5 7.b3 Be6 8.Nbd2 h6
9.Bb2 Ne4 10.Nxe4 dxe4 11.Ne5 Bf5 12.g4 Bxe5 13.gxf5 Bc7 14.Bxe4 e6 15.Bg2 Qh4
16.h3 Qf4 17.Re1 gxf5 18.e4 Nd7 19.exf5 Qxf5 20.Qg4+ Qxg4 21.hxg4 Rfd8 22.Rad1 Nf8
23.d5 cxd5 24.cxd5 Ba5 25.Rf1 exd5 26.Bxd5 Rd7 27.Rd3 Ne6 28.Bc4 Rxd3 29.Bxd3 Rd8
30.Rd1 Nf4 31.Bc2 Rxd1+ 32.Bxd1 Bb6 33.Bf3 Nd3 34.Bf6 Bxf2+ 35.Kf1 Bc5 36.Bxb7 Nc1
37.Ke1 Nxa2 38.Kd2 Ba3 39.Bd4 a5 40.Kd3 Nc1+ 41.Kc4 Na2 42.Bd5 Nc1 43.Bb6 Bb4
44.Be3 Nxb3 45.Kxb3 Kg7 46.Be4 Be7 47.Bb6 Kf6 48.Be3 Ke5 49.Bc2 Bf8 50.Bd2 Kf6
51.Ka4 Kg7 52.Bc3+ Kg8 53.Bxa5 Bg7 54.Bd2 Bf8 55.Kb5 Kg7 56.Kc6 Be7 57.Kd7 Bf6
58.Ke8 Bd4 59.Bb3 f6 60.Bc2 Be5 61.Bb4  1-0

[Event "MK Cafe op-A"]
[Site "Koszalin"]
[Date "1997.08.05"]
[Round "4"]
[White "Khasin, Alexander"]
[Black "Agamaliev, Djamil"]
[Result "1-0"]
[WhiteElo "2505"]
[BlackElo "2480"]

1.Nf3 Nf6 2.g3 g6 3.c4 Bg7 4.Bg2 O-O 5.O-O d6 6.Nc3 c6 7.d4 Bf5 8.b3 Ne4
9.Bb2 a5 10.Nh4 Nxc3 11.Bxc3 Bd7 12.Qd2 a4 13.e4 Qb6 14.b4 Qa6 15.c5 dxc5
16.bxc5 b6 17.cxb6 Qxb6 18.Rab1 Qa7 19.d5 Bxc3 20.Qxc3 Qa5 21.Qa3 Re8 22.Nf3 cxd5
23.exd5 Qxd5 24.Ne5 Qxe5 25.Bxa8 Nc6 26.Qxa4 Nd4 27.Qxd7 Rxa8 28.Rb4 Ne2+
29.Kg2 Rxa2 30.Qd3 Qf6 31.Qc4 Rd2 32.Rb8+ Kg7 33.Qc8 Kh6 34.Qf8+ Kh5 35.Rb5+ e5
36.Qc5 g5 37.Rb6 Qf5 38.Qe3 Nd4 39.h3  1-0

[Event "MK Cafe op-A"]
[Site "Koszalin"]
[Date "1997.08.05"]
[Round "4"]
[White "Rustemov, Alexander"]
[Black "Shilov, Sergej"]
[Result "1-0"]
[WhiteElo "2535"]
[BlackElo "2345"]

1.Nf3 Nf6 2.g3 g6 3.Bg2 Bg7 4.c4 O-O 5.d4 d6 6.Nc3 Nc6 7.O-O Bg4 8.h3 Bxf3
9.Bxf3 Nd7 10.e3 e5 11.dxe5 Ndxe5 12.Be2 Qd7 13.Kh2 Na5 14.Qd5 b6 15.Rd1 c6
16.Qxd6 Qxd6 17.Rxd6 Rfd8 18.Rxd8+ Rxd8 19.c5 bxc5 20.Kg2 Nd3 21.Bxd3 Rxd3
22.Kf3 Bxc3 23.Ke2 c4 24.bxc3 Rxc3 25.Kd2 Rd3+ 26.Kc2 Rd5 27.e4 Rh5 28.h4 f6
29.Be3 Re5 30.Rd1 Re7 31.Rd8+ Kf7 32.Ra8 Ke6 33.Kc3 Rd7 34.Rxa7 Nb7 35.a4 c5
36.a5 Nd6 37.Rxd7 Kxd7 38.Bxc5 Nxe4+ 39.Kxc4 Kc6 40.a6 Nd2+ 41.Kd3 Nb3 42.Be3  1-0

[Event "MK Cafe op-A"]
[Site "Koszalin"]
[Date "1997.08.10"]
[Round "9"]
[White "Gratka, Krzysztof"]
[Black "Renet, Olivier"]
[Result "1/2-1/2"]
[WhiteElo "2265"]
[BlackElo "2520"]

1.c4 g6 2.Nf3 Bg7 3.g3 Nf6 4.Bg2 O-O 5.O-O d6 6.Nc3 e5 7.d3 Re8 8.Bg5 h6
9.Bxf6 Bxf6 10.Rb1 a5 11.a3 Bg7 12.b4 axb4 13.axb4 Nc6 14.b5 Nd4 15.Nxd4 exd4
16.Nd5 Ra3 17.Bf3 Bd7 18.Qc1 Ra2 19.Nb4 Ra5 20.Qd2 Qc8 21.Rfe1 Kh7 22.h4 Ra4
23.Qf4 f5 24.Bg2 Qa8 25.Qf3 Qa5 26.Nd5 Ra2 27.Kf1 Bc8 28.Nf4 Re5 29.Rbd1 Qa3
30.Nd5 Qc5 31.Ra1 Rxa1 32.Rxa1 c6 33.bxc6 bxc6 34.Nf4 Bd7 35.h5 g5 36.Ng6 Re8
37.Rb1 Qa7 38.Kg1 Rb8 39.Rxb8 Qxb8 40.g4 fxg4 41.Qf7 Qe8 42.Nf8+ Qxf8 43.Qxd7 c5
44.Bd5 Kh8 45.Bf7 Bf6 46.Bg6 Qe7 47.Qxg4 Kg7 48.Be4 Be5 49.Qf5 Qf6  1/2-1/2

[Event "TCN Cup 3rd "]
[Site "Beijing"]
[Date "1997.08.16"]
[Round "7"]
[White "Pigusov, Evgeny"]
[Black "Ye Jiangchuan"]
[Result "1/2-1/2"]
[WhiteElo "2560"]
[BlackElo "2530"]

1.Nf3 Nf6 2.c4 g6 3.g3 Bg7 4.Bg2 O-O 5.d4 d5 6.cxd5 Nxd5 7.O-O Nb6 8.Nc3 Nc6
9.d5 Na5 10.Qc2 Nxd5 11.Rd1 c6 12.Ne1 Bd7 13.Nxd5 cxd5 14.Rxd5 e6 15.Rd3 Rc8
16.Qd1 Rc7 17.Bf4 e5 18.Rc1 Nc6 19.Bxc6 bxc6 20.Be3 Qc8 21.Qd2 Bf5 22.Rd6 Qa6
23.b3 Re8 24.Nd3 Bf8 25.Nc5 Qc8 26.Rd1 h5 27.Bh6 Bxd6 28.Qxd6 f6 29.Qxf6 Rf7
30.Qd6 Kh7 31.Bg5 Bc2 32.Rd2 Qf5 33.Be3 Be4 34.Nxe4 Qxe4 35.h4  1/2-1/2

[Event "ST Lee Cup 4th"]
[Site "Beijing"]
[Date "1997.08.28"]
[Round "5"]
[White "Pigusov, Evgeny"]
[Black "Atalik, Suat"]
[Result "0-1"]
[WhiteElo "2560"]
[BlackElo "2590"]

1.Nf3 Nf6 2.g3 g6 3.c4 Bg7 4.Bg2 O-O 5.d4 d5 6.cxd5 Nxd5 7.O-O Nb6 8.Nc3 Nc6
9.d5 Na5 10.Qc2 c6 11.dxc6 Nxc6 12.Rd1 Bf5 13.e4 Bd7 14.Qe2 Qe8 15.Nd5 Rc8
16.Be3 Na4 17.e5 Be6 18.Ng5 Bxd5 19.Bxd5 Nxe5 20.f4 Nc6 21.f5 gxf5 22.Qh5 h6
23.Nf3 e6 24.Bb3 b5 25.Bxh6 f6 26.Qxf5 Bxh6 27.Bxe6+ Kh8 28.Rd7 Ne7 29.Qh3 Ng8
30.Re1 Nc5 31.Bf5 Nxd7 32.Rxe8 Rfxe8 33.Bxd7 Rc1+ 34.Kf2 Rc2+ 35.Kf1 Ree2
36.Qh5 Rf2+ 37.Kg1 Rg2+ 38.Kf1 Rcf2+ 39.Ke1 Rxb2 40.Bf5 Rbe2+ 41.Kd1 Ref2
42.Ke1 Re2+ 43.Kd1 Re3 44.Nd4 Re5 45.Nb3 a5 46.Qg6 Re7 47.Be4 Rxa2 48.Bd5 Rg7
49.Qe8 Rxh2 50.Qxb5 Rxg3 51.Qf1 Be3  0-1

[Event "Schwarzach op-B"]
[Site "Schwarzach"]
[Date "1997.08.29"]
[Round "7.9"]
[White "Erlacher, Herbert"]
[Black "Hattinger, Walter"]
[Result "0-1"]
[WhiteElo "1820"]
[BlackElo "1715"]

1.Nf3 Nf6 2.c4 g6 3.g3 Bg7 4.Bg2 O-O 5.O-O d6 6.Nc3 Nbd7 7.Qc2 Re8 8.d3 c6
9.b3 Qc7 10.Bb2 Nf8 11.Rac1 Bd7 12.e3 Qc8 13.Rfe1 Ne6 14.d4 Nc7 15.Qe2 Bh3
16.Bh1 Bg4 17.Qd2 h6 18.Nh4 g5 19.Nf3 Qf5 20.Qe2 Ne4 21.Nxe4 Qxe4 22.h3 Bxf3
23.Bxf3 Qh7 24.Bh5 Qf5 25.Bg4 Qa5 26.Bc3 Qa6 27.Bf5 e6 28.Bb1 b6 29.Kg2 d5
30.Bd3 Qb7 31.Qg4 Rf8 32.e4 dxe4 33.Bb1 f5 34.Qh5 Rad8 35.f3 exf3+ 36.Qxf3 Bxd4
37.Bxd4 Rxd4 38.c5 b5 39.Qh5 Kg7 40.g4 Nd5 41.Rf1 Nf6 42.Qg6+ Kxg6 43.gxf5+ exf5
44.Rxf5 Kg7 45.Re1 Rd2+ 46.Kg1 Qd7  0-1

[Event "AUT-chT 9798"]
[Site "Austria"]
[Date "1997.10.12"]
[Round "1"]
[White "Dizdar, Goran"]
[Black "Volke, Karsten"]
[Result "1-0"]
[WhiteElo "2545"]
[BlackElo "2455"]

1.Nf3 Nf6 2.g3 g6 3.Bg2 Bg7 4.c4 O-O 5.d4 d6 6.O-O Nbd7 7.Nc3 e5 8.e4 exd4
9.Nxd4 Nc5 10.h3 Re8 11.Re1 a5 12.Qc2 a4 13.Be3 c6 14.Rab1 Qe7 15.f4 Bd7
16.Bf2 Nh5 17.Rbd1 a3 18.b4 Na6 19.b5 Nc5 20.bxc6 bxc6 21.e5 Rec8 22.exd6 Qf6
23.Bxc6 Nxf4 24.gxf4 Qxf4 25.Bxd7 Nxd7 26.Qe4 Qg5+ 27.Qg2 Qa5 28.Nd5 Rxc4
29.Nb3 Qa4 30.Nc5  1-0

[Event "Owens Corning"]
[Site "Wrexham"]
[Date "1997.10.15"]
[Round "2"]
[White "Davies, Nigel R"]
[Black "Van den Doel, Erik"]
[Result "1/2-1/2"]
[WhiteElo "2505"]
[BlackElo "2440"]

1.Nf3 Nf6 2.c4 g6 3.g3 Bg7 4.Bg2 O-O 5.O-O c5 6.d4 cxd4 7.Nxd4 Nc6 8.Nc3 Nxd4
9.Qxd4 d6 10.Qd3 Be6 11.Bd2 Qc8 12.Nd5 Bxd5 13.cxd5 Qd7 14.Rfc1 Rfc8 15.h3 a6
16.Qb3 Rxc1+ 17.Rxc1 Rc8 18.Rc4  1/2-1/2

[Event "Copa Itau Mercosul"]
[Site "Sao Paulo"]
[Date "1997.10.23"]
[Round "5"]
[White "Giardelli, Sergio C"]
[Black "Milos, Gilberto"]
[Result "1/2-1/2"]
[WhiteElo "2430"]
[BlackElo "2590"]

1.c4 Nf6 2.Nf3 g6 3.g3 Bg7 4.Bg2 O-O 5.O-O d6 6.Nc3 e5 7.d3 Nc6 8.Rb1 a5
9.a3 Bg4 10.h3 Be6 11.b4 axb4 12.axb4 h6 13.b5 Ne7 14.Qb3 Nd7 15.Ba3 f5 16.Nd2 Rb8
17.Nd5 Nxd5 18.cxd5 Bf7 19.Qc2 h5 20.f4 h4 21.gxh4 exf4 22.Rxf4 Nf6 23.Bb2 Bh6
24.Rc4 Nh5 25.Nf1 Rc8 26.Kh1 Kh7 27.Bc1 f4 28.Bd2 Qe7 29.Be1 f3 30.Bxf3 Bxd5
31.Bxd5 Rxf1+ 32.Kg2 Rxe1 33.Rxe1 Nf4+ 34.Rxf4 Bxf4 35.e3 Qxh4 36.Qf2 Qg5+
37.Kf1 Qxd5 38.Qxf4 Kg7 39.Kg1 Rf8 40.Qd4+ Qxd4 41.exd4 Kf7 42.Rc1 Rc8 43.d5 b6
44.Rf1+ Kg7 45.Re1 Kf6 46.Re6+ Kf7 47.Re4 Ra8 48.Rc4 Ra7 49.Kg2 Kf6 50.Kf3 Ke5  1/2-1/2

[Event "WchT 4th"]
[Site "Luzern"]
[Date "1997.10.30"]
[Round "6"]
[White "Nogueiras, Jesus"]
[Black "Arakhamia, Ketevan"]
[Result "1/2-1/2"]
[WhiteElo "2535"]
[BlackElo "2430"]

1.Nf3 Nf6 2.c4 g6 3.g3 Bg7 4.Bg2 O-O 5.O-O d5 6.d4 dxc4 7.Na3 Nc6 8.Nxc4 Be6
9.b3 Bd5 10.Bb2 a5 11.a4 Nb4 12.e3 Qb8 13.Qe2 b5 14.axb5 Qxb5 15.Nfe5 Bxg2
16.Kxg2 c5 17.dxc5 Ne4 18.Nf3 Bxb2 19.Qxb2 Nxc5 20.Nd4 Qb7+ 21.Kg1 Qc7 22.Ra3 Rfb8
23.Rfa1 e5 24.Ne2 Nc6 25.Nc3 Rd8 26.Qc2 Nb4 27.Qe2 Rd3 28.Qf3 Rb8 29.Rc1 Nxb3
30.Rxb3 Qxc4 31.Ra3 Rc8 32.Qb7 Qc7 33.Qb5 Qc5 34.Qa4 Nc6 35.Rb3 Qe7 36.Rbb1 Kg7
37.Ne4 Qe8 38.Rb7 Nb4 39.Qxe8 Rxe8 40.Rcc7 Rf8 41.Ng5 Rd6 42.Ra7 Rf6 43.Rxa5 Nd3
44.Ne4 Rb6 45.Kg2 h5 46.Rd5 Ne1+ 47.Kf1 Nf3 48.Kg2 Ne1+ 49.Kh3 Nf3 50.Kg2 Ne1+
51.Kf1 Nf3 52.Kg2  1/2-1/2

[Event "SG Turm Trier"]
[Site "Trier"]
[Date "1997.11.03"]
[Round "8"]
[White "Mozny, Milos"]
[Black "Spisak, Czeslaw"]
[Result "0-1"]
[WhiteElo "2375"]
[BlackElo "2320"]

1.Nf3 Nf6 2.c4 g6 3.g3 Bg7 4.Bg2 O-O 5.d4 d6 6.O-O Nbd7 7.Nc3 e5 8.e4 c6
9.h3 Qb6 10.c5 dxc5 11.dxe5 Ne8 12.e6 fxe6 13.Ng5 Nc7 14.Na4 Qa6 15.Be3 b6
16.Rc1 Ne5 17.b3 Bb7 18.f4 Rad8 19.Qc2 Qd3 20.Bxc5 bxc5 21.Nxc5 Qe3+ 22.Kh1 Rd2
23.Qc3 Qe2 24.Qxd2 Qxd2 25.Nxb7 h6  0-1

[Event "AUT-chT 9798"]
[Site "Austria"]
[Date "1997.11.08"]
[Round "4"]
[White "Kastner, Walter"]
[Black "Schumi, Manfred"]
[Result "0-1"]
[WhiteElo "2265"]
[BlackElo "2245"]

1.Nf3 Nf6 2.c4 g6 3.g3 Bg7 4.Bg2 O-O 5.O-O d6 6.Nc3 e5 7.d4 Nbd7 8.e4 a6
9.h3 b5 10.dxe5 dxe5 11.Be3 bxc4 12.Nd2 Nb6 13.Na4 Nfd7 14.Qc2 Nxa4 15.Qxa4 Nb6
16.Qc2 Be6 17.Rfd1 Qe7 18.Bf1 Rfd8 19.Kh2 Qb4 20.b3 cxb3 21.axb3 Qe7 22.Bxa6 Bf8
23.Be2 Rxa1 24.Rxa1 Qb4 25.Ra7 Bd6 26.Kg2 Rb8 27.h4 h5 28.Ra1 Nd7 29.Ra4 Bxb3
30.Qxb3 Qxb3 31.Nxb3 Rxb3 32.Bc4 Rb4 33.Ra8+ Kg7 34.Bd5 Nf6 35.Kf3 Nxd5 36.exd5 Rb5
37.Ke4 f5+ 38.Kd3 Rxd5+ 39.Kc4 Rd1 40.Rd8 Kf7 41.Rd7+ Ke6 42.Rg7 Kf6 43.Rh7 f4
44.gxf4 exf4 45.Bd4+ Kf5 46.f3 Be5 47.Bxe5 Kxe5 48.Re7+ Kf6 49.Re8 Rd7 50.Kc5 g5
51.Rf8+ Kg6 52.Rg8+ Rg7 53.Rf8 gxh4 54.Rxf4 Kg5 55.Re4 h3 56.Kd4 h2 57.f4+ Kf5
58.Re5+ Kg4  0-1

[Event "RUS-Cup01 Chigorin mem"]
[Site "St Petersburg"]
[Date "1997.11.08"]
[Round "8"]
[White "Skatchkov, Pavel"]
[Black "Rashkovsky, Nukhim N"]
[Result "0-1"]
[WhiteElo "2435"]
[BlackElo "2510"]

1.Nf3 Nf6 2.c4 g6 3.g3 Bg7 4.Bg2 O-O 5.O-O d6 6.Nc3 Nc6 7.d4 a6 8.d5 Na5
9.b3 c5 10.Bb2 Rb8 11.Re1 b5 12.cxb5 axb5 13.e4 b4 14.Nb1 e6 15.dxe6 Bxe6
16.Nbd2 Qb6 17.Rc1 Rfd8 18.Qc2 Rbc8 19.Ng5 d5 20.exd5 Bxd5 21.Bxd5 Nxd5 22.Bxg7 Kxg7
23.Nc4 Nxc4 24.Qxc4 Qf6 25.Ne4 Qd4 26.Rcd1 Qxc4 27.bxc4 Nc3 28.Nxc3 bxc3
29.Rxd8 Rxd8 30.Rc1 Ra8 31.Rxc3 Rxa2 32.Kg2 Rd2 33.h4 Rd4 34.Kf3 h5 35.Ke3 Kf6
36.Kf3 Kf5 37.Rc1 Rd3+ 38.Ke2 Ke4 39.Ra1 Rc3 40.Ra7 Rc2+ 41.Kf1 f6 42.Ra6 Ke5
43.Ra4 g5 44.g4 hxg4 45.h5 Rc3 46.Ra5 Rxc4 47.h6 Rc3 48.h7 Rh3 49.Ra7 Kf5
50.Rg7 c4 51.Kg2 c3 52.Rc7 c2 53.Rc5+ Kg6 54.Rxc2 Rxh7 55.Rc4 Kh5 56.Rc5 Ra7
57.Rf5 Kg6 58.Rb5 Ra6 59.Rc5 f5 60.Rc8 f4 61.Rg8+ Kf6 62.Rf8+ Kg7 63.Rb8 Ra2
64.Kg1 Ra3  0-1

[Event "CZE-chT 9798"]
[Site "CZE"]
[Date "1997.11.16"]
[Round "2"]
[White "Znamenacek, Kvetoslav"]
[Black "Talla, Vladimir"]
[Result "1/2-1/2"]
[WhiteElo "2325"]
[BlackElo "2335"]

1.Nf3 Nf6 2.c4 g6 3.g3 Bg7 4.Bg2 O-O 5.O-O c6 6.Nc3 d6 7.Qc2 a6 8.d3 Nbd7
9.b4 e5 10.Bb2 Nh5 11.Nd2 f5 12.b5 c5 13.a4 a5 14.Nd5 Nhf6 15.Bc3 Rb8 16.b6 Nxd5
17.Bxd5+ Kh8 18.Bxa5 Ra8 19.Bc3 Qxb6 20.Rfb1 Qc7 21.Rb5 Nb8 22.Rab1 Nc6 23.a5 Ra7
24.Rb6 Nxa5 25.Bxa5 Rxa5 26.Bxb7 Ra1 27.Rxa1 Qxb6 28.Bxc8 Rxc8 29.Qa4 h6
30.Rb1 Qc7 31.Qa6 Rb8 32.Rb5 Bf6 33.e4 Bg7 34.Nf1 f4 35.Rxb8+ Qxb8 36.Qb5 Qd8
37.Qc6 Kh7 38.Kg2 Qf6 39.Nd2 Qd8 40.Nf3 Qf6 41.Qd7 Kg8 42.h4 Bf8 43.Qe8 Qf7
44.Qxf7+ Kxf7 45.gxf4 exf4 46.Kh3 Bg7 47.Kg4 Be5 48.h5 g5 49.Kf5 Bg7 50.Nh2 Bd4
51.Ng4 Bg7 52.f3 Ke7 53.Kg6 Kf8 54.e5 dxe5 55.Nf2 Kg8 56.Ne4 Bf8 57.Kf5 Kf7
58.Kxe5 Bg7+ 59.Kf5 Bd4 60.Nd6+ Kg7 61.Ne4 Kf7 62.Nd2 Be3 63.Nf1 Bg1 64.Nd2 Be3
65.Ne4 Bd4  1/2-1/2

[Event "Oberliga Wuert9798"]
[Site "Wuerttemberg"]
[Date "1997.11.30"]
[Round "4"]
[White "Mohrlok, Dieter"]
[Black "Jurek, Josef"]
[Result "1/2-1/2"]
[WhiteElo "2395"]
[BlackElo "2415"]

1.Nf3 Nf6 2.c4 g6 3.g3 Bg7 4.Bg2 O-O 5.d4 d6 6.Nc3 c6 7.O-O Qa5 8.h3 Qa6
9.Qd3 Be6 10.b3 d5 11.Ne5 Rd8 12.Bb2 dxc4 13.Nxc4 Nd5 14.Ne4 Bf5 15.Rfd1 Nd7
16.e3 c5 17.dxc5 Bxe4 18.Qxe4 Nxc5 19.Qb1 Nb6 20.Bxg7 Kxg7 21.Qb2+ f6 22.Nxb6 Qxb6
23.Qa3 Kf8 24.b4 Na6 25.Rxd8+ Rxd8 26.Rb1 Nb8 27.Qc3 Nc6 28.a3 Ne5 29.Qc2 Qa6
30.a4 b6 31.Rd1 Rxd1+ 32.Qxd1 Qd3 33.Qc1 Qc4 34.Qd2 Qd3 35.Qc1 Qc4 36.Qd2 Qd3  1/2-1/2

[Event "CZE-chT 9798"]
[Site "CZE"]
[Date "1997.12.14"]
[Round "4"]
[White "Pribyl, Josef"]
[Black "Antoniewski, Rafal"]
[Result "1/2-1/2"]
[WhiteElo "2425"]
[BlackElo "2435"]

1.c4 g6 2.Nf3 Bg7 3.g3 Nf6 4.Bg2 O-O 5.O-O d6 6.Nc3 a6 7.d3 c5 8.Bd2 Nc6
9.a3 Rb8 10.Rb1 b5 11.cxb5 axb5 12.b4 cxb4 13.axb4 Bd7 14.Qc1 Rc8 15.Bh6 Qb6
16.Bxg7 Kxg7 17.Qb2 e5 18.Rfc1 h6 19.Nd1 Be6 20.Ne3 Rfd8 21.Ra1  1/2-1/2

[Event "CZE-chT 9798"]
[Site "CZE"]
[Date "1997.12.14"]
[Round "4"]
[White "Mirumian, Vigen"]
[Black "Mista, Ladislav"]
[Result "1/2-1/2"]
[WhiteElo "2505"]
[BlackElo "2280"]

1.Nf3 Nf6 2.g3 g6 3.Bg2 Bg7 4.c4 O-O 5.Nc3 d6 6.O-O Nc6 7.d3 a6 8.Rb1 Rb8
9.b4 b5 10.Nd2 Bd7 11.a3 e5 12.Bb2 Ne7 13.Rc1 Be6 14.e4 c6 15.Qe2 Qb6 16.Rfd1 Rfe8
17.Nb3 bxc4 18.dxc4 c5 19.Na4 Qc6 20.Naxc5 dxc5 21.Bxe5 Nd7 22.Bxb8 Rxb8
23.Qd2 cxb4 24.axb4  1/2-1/2